000 01046nam a22002535i 4500
001 157001
003 ES-MaACL
005 20230906210543.0
008 040723q18821885xxk |||| | eng d
040 _aCAM
_bspa
_cCAM
100 1 _aLandor, Walter Savage.
_9128658
245 1 0 _aImaginary conversations /
_cby Walter Savage Landor.
260 _aLondon :
_bGeorge Routledge & Sons ;
_aNew York :
_bE.P. Dutton & Co.,
_c[s.a.] (
_fRichard Clay & Sons)
300 _a2 v. (VIII, 472 ; VI, 441 p.) ;
_c16 cm.
490 1 _aThe new universal library
490 1 _aThe works of Walter Savage Landor ;
_v1
505 8 _aT. I. Classical dialogues -- T. II. Dialogues of sovereigns and statesmen
596 _aEl ed. y el imp. ejercen juntos ca. 1882-1885, según la información encontrada en CCPB.
752 _aGran Bretaña -
_cLondres
830 0 _aThe new universal library
_9187927
830 0 _aThe works of Walter Savage Landor ;
_v1
_9221744
852 _aES-MaACL
_jG-14923-14924
_z-- Enc. ed. en tela
999 _c157001
_d157001